| Tag |
First Indicator |
Second Indicator |
Subfields |
| LEADER |
00000cgm a2200000Mi 4500 |
| 001 |
in00005588708 |
| 006 |
m o c |
| 007 |
cr |n||||||||a |
| 007 |
vz |za|z| |
| 008 |
190103s2011 txu002 e o vleng d |
| 005 |
20241201233229.7 |
| 035 |
|
|
|a (OCoLC)on1084923820
|
| 040 |
|
|
|a ALSTP
|b eng
|e rda
|c ALSTP
|d OCLCO
|d OCLCF
|d UPM
|d OCLCO
|d STF
|d OCLCO
|d OCLCA
|d OCLCO
|d OCLCL
|d OCLCQ
|d DXU
|
| 019 |
|
|
|a 1373550380
|a 1443954092
|
| 035 |
|
|
|a (OCoLC)1084923820
|z (OCoLC)1373550380
|z (OCoLC)1443954092
|
| 043 |
|
|
|a n-us---
|
| 049 |
|
|
|a TXAM
|
| 245 |
0 |
0 |
|a US government.
|n 04,
|p RT1 - Levinson /
|c [produced and directed by Julia Dyer].
|
| 246 |
3 |
3 |
|a U. S. government
|
| 246 |
3 |
3 |
|a United States government
|
| 264 |
|
1 |
|a Dallas, TX :
|b Dallas County Community College District,
|c 2011.
|
| 300 |
|
|
|a 1 online resource (2 minutes)
|
| 306 |
|
|
|a 000136
|
| 336 |
|
|
|a two-dimensional moving image
|b tdi
|2 rdacontent
|
| 337 |
|
|
|a computer
|b c
|2 rdamedia
|
| 337 |
|
|
|a video
|b v
|2 rdamedia
|
| 338 |
|
|
|a online resource
|b cr
|2 rdacarrier
|
| 347 |
|
|
|a video file
|2 rda
|
| 490 |
0 |
|
|a Academic Video Online
|
| 500 |
|
|
|a Title from resource description page (viewed January 03, 2019).
|
| 520 |
|
|
|a This video is about voting and self-government in the United States.
|
| 546 |
|
|
|a In English.
|
| 650 |
|
0 |
|a Voting
|z United States.
|
| 651 |
|
0 |
|a United States
|x History.
|
| 651 |
|
0 |
|a United States
|x Politics and government
|x Study and teaching (Higher)
|
| 650 |
|
6 |
|a Vote
|z États-Unis.
|
| 651 |
|
6 |
|a États-Unis
|x Histoire.
|
| 650 |
|
7 |
|a Voting.
|2 fast
|0 (OCoLC)fst01169232
|
| 651 |
|
7 |
|a United States.
|2 fast
|0 (OCoLC)fst01204155
|1 https://id.oclc.org/worldcat/entity/E39PBJtxgQXMWqmjMjjwXRHgrq
|
| 655 |
|
7 |
|a Educational films.
|2 fast
|0 (OCoLC)fst01726235
|
| 655 |
|
7 |
|a Film clips.
|2 fast
|0 (OCoLC)fst01726246
|
| 655 |
|
7 |
|a History.
|2 fast
|0 (OCoLC)fst01411628
|
| 655 |
|
7 |
|a Educational films.
|2 lcgft
|
| 655 |
|
7 |
|a Film clips.
|2 lcgft
|
| 655 |
|
7 |
|a Films éducatifs.
|2 rvmgf
|
| 700 |
1 |
|
|a Dyer, Julia,
|e director,
|e producer.
|
| 710 |
2 |
|
|a Dallas County Community College District,
|e publisher.
|
| 710 |
2 |
|
|a Dallas TeleLearning (Firm),
|e production company.
|
| 856 |
4 |
0 |
|u http://proxy.library.tamu.edu/login?url=https://www.aspresolver.com/aspresolver.asp?MARC;3225747
|z Connect to this streaming video (Alexander Street Press)
|t 0
|
| 955 |
|
|
|a Alexander Street Press subscription streaming video
|
| 994 |
|
|
|a 92
|b TXA
|
| 999 |
f |
f |
|s 63ba9dbe-c386-43b0-a0e2-64ac182330d2
|i 388fa547-2c77-4355-af9f-b6ccd551b821
|t 0
|
| 952 |
f |
f |
|a Texas A&M University
|b College Station
|c Electronic Resources
|d Available Online
|t 0
|h Library of Congress classification
|
| 998 |
f |
f |
|t 0
|l Available Online
|